00422nam a2200157Ia 4500008004100000100002300041245005200064260001200116260001100128260000900139300000700148650001700155942000900172999001500181952006800196160109s9999 xx 000 0 und d10aRanaweera,R.A.H.M. aHistorical Review of the Graduateship Programme aColombo bIchemc c2015 a34 aGraduateship cbook c2961d2961 001070aICbICd2016-01-09l0pD0216r2016-01-09 00:00:00yDIS